000 00314nam a22001337a 4500
008 171023b xxu||||| |||| 00| 0 eng d
020 _a9780073525242
041 _aeng
080 _a338
100 _a54
101 _aMEN
245 _aOPERATIONS MANAGEMENT IN THE SYPPLY CHAIN
_cSCHROEDER,R.G
942 _2udc
_cBK
999 _c35370
_d35370